| 000 | 00654nam a2200229 4500 | ||
|---|---|---|---|
| 001 | 32502 | ||
| 003 | AR-RoBPED | ||
| 005 | 20260406095732.0 | ||
| 008 | 260401s2024 ag ||||gr|||| 00| 0 spa d | ||
| 020 | _a9789878220406 | ||
| 040 | _aAR-RoBPED | ||
| 041 | _aspa | ||
| 100 |
_aMartínez, María _930690 |
||
| 245 | 1 |
_aCuando no queden más estrellas que contar / _cMaría Martínez. |
|
| 250 | _a5a. ed. | ||
| 260 |
_aBuenos Aires : _bBooket, _c2024. |
||
| 300 | _a471 p. | ||
| 650 | 4 |
_aLITERATURA ESPAÑOLA _9687 |
|
| 650 | 4 |
_aNOVELAS _925 |
|
| 942 |
_2udc _ak. 32502 _cBK _h860-31 _mMm 26 _ninv. 42341 |
||
| 945 | _amm 01/04/2026 - cd 06/04/2026 | ||
| 999 |
_c32502 _d32502 |
||